[Event "Mittelrhein Verbandsliga Nord 1920"]
[White "Schmetzer, Benjamin"]
[Black "Wirtz, Frank"]
[Site "Mittelrhein"]
[Round "2.2"]
[Result "0-1"]
[Date "2019.10.27"]
[WhiteElo "2024"]
[BlackElo "1940"]
[PlyCount "112"]
[EventDate "2019.09.29"]
[EventType "team-tourn"]
[EventRounds "9"]
[EventCountry "GER"]
[SourceTitle "EXT 2023"]
[Source "ChessBase"]
[SourceDate "2022.10.05"]
[SourceVersion "1"]
[SourceVersionDate "2022.10.05"]
[SourceQuality "1"]
[WhiteTeam "Brauweiler Rochade"]
[BlackTeam "Leverkusen Koenigsspringer"]
[WhiteTeamCountry "GER"]
[BlackTeamCountry "GER"]

1. e4 d6 2. d4 g6 3. Be3 Bg7 4. Nc3 Nf6 5. Bc4 c6 6. Bb3 b5 7. a3 Qa5 8. f3 Nbd7 9. Nge2 Ba6 10. Ba2 Qc7 11. b4 Rd8 12. 0-0 0-0 13. Qd2 c5 14. a4 bxa4 15. b5 Bb7 16. Nxa4 Nb6 17. Nxb6 axb6 18. c4 e5 19. d5 Ra8 20. Bb3 Nd7 21. Bh6 Rxa1 22. Rxa1 Ra8 23. Rxa8+ Bxa8 24. Qg5 Nf6 25. Ng3 Ne8 26. Bxg7 Nxg7 27. h4 h5 28. Bd1 Kh7 29. f4 exf4 30. Qxf4 Qe7 31. Ne2 Bb7 32. Nc3 f5 33. Bf3 Bc8 34. Kh2 fxe4 35. Nxe4 Nf5 36. Ng5+ Kg7 37. Qe4 Qxe4 38. Nxe4 Kf7 39. g4 hxg4 40. Bxg4 Ke7 41. Nc3 Kd8 42. Na4 Nxh4 43. Bxc8 Kxc8 44. Nxb6+ Kc7 45. Na4 Nf3+ 46. Kg3 Ne5 47. Nb2 g5 48. Nd1 Nxc4 49. Kg4 Kb6 50. Nc3 Na3 51. Kxg5 Nxb5 52. Ne4 c4 53. Kf4 Ka5 54. Ke3 Kb4 55. Kd2 c3+ 56. Kc2 Kc4 0-1

[Event "Mittelrhein Verbandsliga-W 1112"]
[White "Flatten, Arnold"]
[Black "Schmetzer, Benjamin"]
[Site "Germany"]
[Round "5.1"]
[Result "0-1"]
[Date "2012.01.15"]
[WhiteElo "2017"]
[BlackElo "2064"]
[PlyCount "114"]
[EventDate "2011.09.18"]
[EventType "team-tourn"]
[EventRounds "11"]
[EventCountry "GER"]
[SourceTitle "EXT 2013"]
[Source "ChessBase"]
[SourceDate "2012.11.22"]
[SourceVersion "1"]
[SourceVersionDate "2012.11.22"]
[SourceQuality "1"]
[WhiteTeam "Lendersdorf"]
[BlackTeam "Brauweiler Rochade"]
[WhiteTeamCountry "GER"]
[BlackTeamCountry "GER"]

1. e4 e5 2. Nf3 Nf6 3. Nc3 Nc6 4. Bb5 Bc5 5. Nxe5 Nxe5 6. d4 Bd6 7. 0-0 c6 8. Be2 Bb8 9. dxe5 Bxe5 10. Qd3 0-0 11. f4 Bxc3 12. bxc3 d5 13. e5 Ne4 14. Bf3 f5 15. c4 Be6 16. cxd5 cxd5 17. Be3 Qc7 18. Rab1 b6 19. Bd4 Rac8 20. Rb2 Rf7 21. Rd1 Qd8 22. Be2 Rfc7 23. Rc1 g5 24. Qe3 Rg7 25. a4 Qe8 26. a5 gxf4 27. Qxf4 Qa4 28. c4 Qxa5 29. cxd5 Rxc1+ 30. Qxc1 Qxd5 31. Be3 Nc5 32. Bf1 Qxe5 33. Re2 Ne4 34. Qc6 Bd7 35. Qa8+ Be8 36. Rc2 Nd6 37. Qf3 Qe4 38. Qf2 Bc6 39. Bf4 Rg6 40. Rd2 Nb7 41. Rd4 Qb1 42. Bg3 Bb5 43. Rd5 Bxf1 44. Qxf1 Qxf1+ 45. Kxf1 Rf6 46. Be5 Rf8 47. Rd7 Rf7 48. Rd3 Re7 49. Rg3+ Kf7 50. Bc3 a5 51. Rh3 Ke8 52. Rh6 b5 53. Rf6 b4 54. Bb2 Nc5 55. Rd6 Rd7 56. Rb6 Na4 57. Rb8+ Rd8 0-1